000
00285nam a22001217a 4500
008
180822b xxu||||| |||| 00| 0 eng d
041
_a
eng
080
_a
616.8
100
_a
7
101
_a
NEU
245
_a
SYRIGOMELIA AND THE CHIARI MALFORMATIONS
_c
ANSON.J.A
942
_2
udc
_c
BK
999
_c
47246
_d
47246